LIBRARY & INFORMATION CENTRE, KCAET, TAVANUR

ONLINE PUBLIC ACCESS CATALOGUE (OPAC)

Material science / (Record no. 9685)

MARC details
000 -LEADER
fixed length control field 00440cam a2200181ua 4500
020 ## - INTERNATIONAL STANDARD BOOK NUMBER
ISBN 81-219-0146-4
041 ## - LANGUAGE CODE
Language code of text/sound track or separate title eng
082 ## - DEWEY DECIMAL CLASSIFICATION NUMBER
Classification number 620.11
Item number KHU/MA
100 ## - MAIN ENTRY--AUTHOR NAME
Personal name Khurmi, R S .
245 ## - TITLE STATEMENT
Title Material science /
260 ## - PUBLICATION, DISTRIBUTION, ETC. (IMPRINT)
Place of publication New Delhi :
Name of publisher S.Chand and Co ,
Year of publication 1995.
300 ## - PHYSICAL DESCRIPTION
Number of Pages 381 ; .
700 1# - ADDED ENTRY--PERSONAL NAME
Personal name Sedha, R S .
942 ## - ADDED ENTRY ELEMENTS (KOHA)
Koha item type Books
Holdings
Withdrawn status Lost status Damaged status Home library Current library Date acquired Full call number Accession Number Koha item type
      KAUAET KAUAET 07/04/2012 620.11 20127 Books
free website counter